[Event "DM Kandidatklassen 2022"]
[Site "Svendborg"]
[Date "2022.04.13"]
[Round "2"]
[White "Kristensen, Peter"]
[Black "Parra Becerra, Edgar Andre"]
[Result "1-0"]
[WhiteElo "2095"]
[BlackElo "2223"]
[PlyCount "93"]
[EventDate "2022.04.12"]
[EventType "swiss"]
[EventRounds "7"]
[EventCountry "DEN"]

1. e4 c5 2. Nf3 Nc6 3. Bb5 Nf6 4. Bxc6 dxc6 5. d3 Qc7 6. a4 e5 7. Na3 Be7 8. h3
Nd7 9. Be3 Nf8 10. Nc4 Ng6 11. a5 O-O 12. O-O Be6 13. Nfd2 b6 14. axb6 axb6 15.
Qh5 b5 16. Rxa8 Rxa8 17. Na3 c4 18. dxc4 b4 19. Nab1 Ra2 20. b3 Rxc2 21. Qd1
Ra2 22. Nf3 h6 23. Ne1 Qa5 24. Nd3 f5 25. Qh5 Nh4 26. Qe8+ Bf8 27. Qxe6+ Kh7
28. Qxe5 Qxe5 29. Nxe5 fxe4 30. Nxc6 Nf5 31. Nd2 Kg8 32. Nxe4 Rb2 33. Nd4 Nxd4
34. Bxd4 Rxb3 35. Bc5 Bxc5 36. Nxc5 Rc3 37. Rb1 Rxc4 38. Nd3 Rd4 39. Nxb4 Kh7
40. Nc2 Rd2 41. Ne3 Rd7 42. g4 Ra7 43. Kg2 Rd7 44. Kg3 Ra7 45. Rb6 Rd7 46. h4
g6 47. h5 1-0

[Event "DM Kandidatklassen 2022"]
[Site "Svendborg"]
[Date "2022.04.13"]
[Round "2"]
[White "Haubro, Sigfred"]
[Black "Jarlskov, Daniel Tuk Hartso"]
[Result "1-0"]
[WhiteElo "2192"]
[BlackElo "1995"]
[PlyCount "137"]
[EventDate "2022.04.12"]
[EventType "swiss"]
[EventRounds "7"]
[EventCountry "DEN"]

1. b4 d5 2. Bb2 Nf6 3. e3 Bf5 4. Nf3 e6 5. a3 Nbd7 6. Be2 Be7 7. O-O O-O 8. Nh4
Bg6 9. Nxg6 hxg6 10. d4 c6 11. c4 Qc7 12. Nd2 e5 13. dxe5 Nxe5 14. cxd5 Nxd5
15. Qb3 Rfd8 16. Rad1 Bf6 17. Ne4 Qe7 18. Rd4 Nd7 19. Nxf6+ N7xf6 20. Bf3 Nc7
21. Rh4 Ne6 22. e4 g5 23. Rh3 Nd4 24. Bxd4 Rxd4 25. Qe3 Qe5 26. Rg3 g4 27. Bd1
Rxe4 28. Qd2 Rd4 29. Qc3 Qf4 30. Bb3 Rad8 31. Re3 Ne4 32. Qc1 g5 33. Bc2 f5 34.
g3 Qd6 35. Rxe4 fxe4 36. Qxg5+ Kh7 37. Qxg4 Qg6 38. Qh4+ Kg7 39. Re1 Re8 40. f3
Rh8 41. Qe7+ Qf7 42. Qg5+ Qg6 43. Qxg6+ Kxg6 44. Bxe4+ Kf6 45. h4 a5 46. bxa5
Ra4 47. Rb1 Rxa5 48. Rxb7 Rxa3 49. Kg2 c5 50. Rc7 Rc3 51. Kh3 Ke5 52. g4 Rc1
53. Kg3 c4 54. g5 Rg1+ 55. Kf2 Rh1 56. Rxc4 R1xh4 57. Rc5+ Kd6 58. Ra5 Ke6 59.
Ke3 Rh1 60. Ra6+ Ke7 61. f4 Rd1 62. f5 Rh4 63. f6+ Kf8 64. Bf5 Rd8 65. g6 Rb8
66. Be6 Rb3+ 67. Bxb3 Rh3+ 68. Kf4 Rxb3 69. Ra8+ 1-0

[Event "DM Kandidatklassen 2022"]
[Site "Svendborg"]
[Date "2022.04.13"]
[Round "2"]
[White "Lofgren, Claes"]
[Black "Wahlgreen, Noah Krug"]
[Result "1-0"]
[WhiteElo "2071"]
[BlackElo "2011"]
[PlyCount "53"]
[EventDate "2022.04.12"]
[EventType "swiss"]
[EventRounds "7"]
[EventCountry "DEN"]

1. d4 d5 2. c4 c6 3. Nf3 e6 4. e3 Nf6 5. Nc3 Nbd7 6. Bd3 dxc4 7. Bxc4 b5 8. Bd3
Bb7 9. O-O a6 10. e4 c5 11. e5 Nd5 12. Bg5 Qb6 13. Rc1 h6 14. Bh4 cxd4 15. Nxd5
Bxd5 16. Bb1 Bc5 17. Qd3 Nb8 18. b4 Bc4 19. bxc5 Qa7 20. Qxd4 Nc6 21. Qd6 Bd5
22. Rfd1 Qb7 23. Rxd5 g5 24. Rdd1 Rd8 25. Be4 Rxd6 26. cxd6 O-O 27. Bxc6 1-0

[Event "DM Kandidatklassen 2022"]
[Site "Svendborg"]
[Date "2022.04.13"]
[Round "2"]
[White "Jacobsen, Mikkel Manosri"]
[Black "Nielsen, Morten Majlund"]
[Result "1-0"]
[WhiteElo "2255"]
[BlackElo "2091"]
[PlyCount "67"]
[EventDate "2022.04.12"]
[EventType "swiss"]
[EventRounds "7"]
[EventCountry "DEN"]

1. d4 Nf6 2. c4 e6 3. Nc3 d5 4. cxd5 exd5 5. Bg5 c6 6. e3 Be7 7. Bd3 Nbd7 8.
Qc2 h6 9. Bf4 Nb6 10. Nf3 Be6 11. Bg3 Bd6 12. Ne5 Nh5 13. f4 Nxg3 14. hxg3 Bxe5
15. dxe5 Bg4 16. Rh4 h5 17. Be2 Bxe2 18. Qxe2 g6 19. O-O-O Qe7 20. e4 Qc5 21.
e6 d4 22. exf7+ Kxf7 23. Qf2 Rad8 24. Kb1 Qb4 25. a3 Qc4 26. Ne2 c5 27. Nc1 Qb5
28. Nd3 Kg7 29. f5 Rhf8 30. Qf4 c4 31. Rxh5 gxh5 32. Qg5+ Kf7 33. Qg6+ Ke7 34.
Qe6# 1-0

[Event "DM Kandidatklassen 2022"]
[Site "Svendborg"]
[Date "2022.04.13"]
[Round "2"]
[White "Rendboe, John Filip"]
[Black "Steffensen, Elena"]
[Result "1/2-1/2"]
[WhiteElo "2199"]
[BlackElo "2059"]
[PlyCount "61"]
[EventDate "2022.04.12"]
[EventType "swiss"]
[EventRounds "7"]
[EventCountry "DEN"]

1. d4 g6 2. Nf3 Bg7 3. g3 Nf6 4. Bg2 d5 5. O-O O-O 6. c4 c6 7. b3 Nbd7 8. Bb2
Nb6 9. Nbd2 Bf5 10. c5 Nc8 11. b4 Be4 12. a4 Bxf3 13. Bxf3 e6 14. Qc2 Ne7 15.
b5 Nd7 16. e3 Rc8 17. bxc6 Nxc6 18. Qb3 Na5 19. Qa2 b6 20. e4 bxc5 21. exd5
exd5 22. dxc5 Ne5 23. Bg2 Nac4 24. Nxc4 Nxc4 25. Bxg7 Kxg7 26. Rad1 Rxc5 27.
Qa1+ Qf6 28. Rxd5 Rxd5 29. Bxd5 Qxa1 30. Rxa1 Ne5 31. Re1 1/2-1/2

[Event "DM Kandidatklassen 2022"]
[Site "Svendborg"]
[Date "2022.04.13"]
[Round "2"]
[White "Iskos, Lukas"]
[Black "Christensen, Janus"]
[Result "1-0"]
[WhiteElo "2052"]
[BlackElo "2144"]
[PlyCount "35"]
[EventDate "2022.04.12"]
[EventType "swiss"]
[EventRounds "7"]
[EventCountry "DEN"]

1. d4 Nf6 2. Bf4 e6 3. e3 c5 4. Nd2 Nc6 5. c3 d5 6. Ngf3 Bd6 7. Bg3 O-O 8. Bd3
Re8 9. Ne5 Qc7 10. f4 g6 11. Ndf3 cxd4 12. exd4 Nh5 13. Ng5 Bxe5 14. fxe5 Nxg3
15. hxg3 Nxe5 16. Nxh7 Nd7 17. Qg4 e5 18. Bxg6 1-0

[Event "DM Kandidatklassen 2022"]
[Site "Svendborg"]
[Date "2022.04.13"]
[Round "2"]
[White "Easwaralingam, Adesh"]
[Black "Koch Mueller, Oscar"]
[Result "0-1"]
[WhiteElo "2081"]
[BlackElo "2015"]
[PlyCount "51"]
[EventDate "2022.04.12"]
[EventType "swiss"]
[EventRounds "7"]
[EventCountry "DEN"]

1. e4 e6 2. d4 d5 3. e5 c5 4. c3 Nc6 5. Nf3 Qb6 6. a3 c4 7. Nbd2 f6 8. exf6
Nxf6 9. Be2 Bd6 10. b3 cxb3 11. Rb1 O-O 12. Rxb3 Qc7 13. c4 e5 14. dxe5 Nxe5
15. Nxe5 Bxe5 16. Nf3 dxc4 17. Re3 Bf4 18. Rc3 Qa5 19. Bxc4+ Kh8 20. Bb2 Re8+
21. Kf1 Bg4 22. Rd3 Ne4 23. Qa1 Re7 24. Bd5 Nd2+ 25. Rxd2 Bxd2 26. Ne5 0-1

[Event "DM Kandidatklassen 2022"]
[Site "Svendborg"]
[Date "2022.04.13"]
[Round "2"]
[White "Andries, Alf"]
[Black "Nilssen, Ellen Fredericia"]
[Result "1/2-1/2"]
[WhiteElo "2019"]
[BlackElo "2113"]
[PlyCount "142"]
[EventDate "2022.04.12"]
[EventType "swiss"]
[EventRounds "7"]
[EventCountry "DEN"]

1. e4 c5 2. c3 Nf6 3. e5 Nd5 4. d4 cxd4 5. Nf3 Nc6 6. Bc4 Nb6 7. Bb3 d6 8. exd6
Qxd6 9. Na3 dxc3 10. Qxd6 exd6 11. Nb5 Rb8 12. bxc3 Be6 13. Be3 Be7 14. Nxa7
Nd5 15. Nxc6 bxc6 16. Bxd5 Bxd5 17. O-O O-O 18. Rfd1 Ra8 19. Nd4 Bf6 20. Rac1
Ra4 21. Nf5 Rd8 22. Nxd6 Rxd6 23. c4 Rxa2 24. cxd5 cxd5 25. Bd4 h6 26. h3 Kh7
27. Bxf6 Rxf6 28. f3 Rd6 29. Rd4 Re6 30. Rc7 Rg6 31. Rg4 Rxg4 32. hxg4 Kg6 33.
Rd7 Rd2 34. Kf1 Kf6 35. Ke1 Rxg2 36. Rxd5 g6 37. Kf1 Ra2 38. Rb5 Ke6 39. Kg1
Rd2 40. Ra5 f5 41. gxf5+ gxf5 42. Ra6+ Rd6 43. Ra5 Kf6 44. Kg2 Kg5 45. Kg3 Rd3
46. Ra4 Rd6 47. Ra5 Rf6 48. Rb5 Rc6 49. f4+ Kg6 50. Kh4 Re6 51. Ra5 Re4 52.
Ra6+ Kg7 53. Ra7+ Kf6 54. Ra6+ Ke7 55. Rxh6 Rxf4+ 56. Kg3 Rg4+ 57. Kf3 Kf7 58.
Ra6 Rg6 59. Rxg6 Kxg6 60. Kf4 Kf6 61. Kf3 Kg5 62. Kg3 f4+ 63. Kf3 Kf5 64. Kf2
Ke4 65. Ke2 f3+ 66. Kf2 Kf4 67. Kf1 Kg4 68. Kf2 Kf4 69. Kf1 Ke3 70. Ke1 f2+ 71.
Kf1 Kf3 1/2-1/2

[Event "DM Kandidatklassen 2022"]
[Site "Svendborg"]
[Date "2022.04.14"]
[Round "3"]
[White "Kistrup, Nicolai"]
[Black "Thuesen, Mogens Henrik"]
[Result "1-0"]
[WhiteElo "2302"]
[BlackElo "2224"]
[PlyCount "91"]
[EventDate "2022.04.12"]
[EventType "swiss"]
[EventRounds "7"]
[EventCountry "DEN"]

1. d4 Nf6 2. c4 c5 3. d5 e5 4. Nc3 d6 5. e4 Be7 6. Nf3 Nbd7 7. h3 Nf8 8. Be3
Ng6 9. Qd2 h6 10. g3 Bd7 11. Bd3 Qc8 12. Ng1 Bd8 13. f3 Ba5 14. Kf2 O-O 15. g4
b5 16. Nge2 bxc4 17. Bxc4 h5 18. Bg5 Nh7 19. gxh5 Nxg5 20. Qxg5 Bd8 21. Qd2
Bh4+ 22. Kg2 Ne7 23. f4 g6 24. fxe5 gxh5 25. Qh6 Ng6 26. e6 Be8 27. Raf1 Qd8
28. Rf5 f6 29. Rxh5 Nf4+ 30. Nxf4 Bxh5 31. Nxh5 Qe7 32. Rg1 Qh7 33. Kh1+ Kh8
34. Qg7+ Qxg7 35. Rxg7 f5 36. e7 Rfe8 37. exf5 Bxe7 38. Bb5 Bf8 39. Bxe8 Bxg7
40. Nxg7 Kxg7 41. Bd7 Rb8 42. Ne4 Rxb2 43. f6+ Kf8 44. Nxd6 Rxa2 45. Be6 a5 46.
Ne4 1-0

[Event "DM Kandidatklassen 2022"]
[Site "Svendborg"]
[Date "2022.04.14"]
[Round "3"]
[White "Liu, Casper Yukun"]
[Black "Rewitz, Poul"]
[Result "1-0"]
[WhiteElo "2181"]
[BlackElo "2279"]
[PlyCount "75"]
[EventDate "2022.04.12"]
[EventType "swiss"]
[EventRounds "7"]
[EventCountry "DEN"]

1. d4 g6 2. e4 Bg7 3. Nc3 d5 4. exd5 Nf6 5. Bc4 Nbd7 6. Nf3 O-O 7. O-O Nb6 8.
Bb3 a5 9. a3 a4 10. Ba2 Nbxd5 11. Nxd5 Nxd5 12. c4 Nb6 13. h3 c5 14. Be3 Nd7
15. Qd2 Qa5 16. Rad1 Qxd2 17. Rxd2 b6 18. Re1 Re8 19. Bb1 Ba6 20. Be4 Rac8 21.
Bc2 cxd4 22. Bxd4 Bxd4 23. Bxa4 Red8 24. Rxd4 Nc5 25. Bb5 Bxb5 26. cxb5 Ne6 27.
Rxd8+ Rxd8 28. Ne5 Rd5 29. a4 Nc5 30. b3 Kf8 31. Nc4 Nd7 32. b4 e5 33. Kf1 f5
34. Ke2 Rd4 35. Rc1 Ke7 36. a5 bxa5 37. bxa5 Rd5 38. a6 1-0

[Event "DM Kandidatklassen 2022"]
[Site "Svendborg"]
[Date "2022.04.14"]
[Round "3"]
[White "Thogersen, Rasmus"]
[Black "Lofgren, Claes"]
[Result "1-0"]
[WhiteElo "2333"]
[BlackElo "2071"]
[PlyCount "91"]
[EventDate "2022.04.12"]
[EventType "swiss"]
[EventRounds "7"]
[EventCountry "DEN"]

1. e4 c6 2. d4 d5 3. e5 Bf5 4. h4 h5 5. Bd3 Bxd3 6. Qxd3 e6 7. Bg5 Be7 8. Nf3
Nh6 9. Nbd2 Nf5 10. c4 Na6 11. b3 dxc4 12. Qxc4 Nb4 13. Bxe7 Qxe7 14. O-O O-O
15. g3 Rfd8 16. Rfd1 Rac8 17. Ne4 b6 18. a3 Nd5 19. Qe2 g6 20. Qa6 Rc7 21. Rac1
Kg7 22. Rc4 Rdc8 23. Rdc1 Qd7 24. R4c2 Qe7 25. b4 Qd7 26. Kh2 Qd8 27. Qd3 Qe7
28. Kh3 Qd8 29. Kh2 Qe7 30. Nfd2 Qd7 31. Nc4 Rd8 32. Ncd6 Nxd6 33. Nxd6 f5 34.
Qf3 Rf8 35. b5 c5 36. dxc5 bxc5 37. Rxc5 Rxc5 38. Rxc5 f4 39. g4 Qd8 40. g5 Qa5
41. Rc6 Qe1 42. Ne4 Qf1 43. Nf6 Rf7 44. Nxd5 exd5 45. e6 Qxb5 46. Qc3+ 1-0

[Event "DM Kandidatklassen 2022"]
[Site "Svendborg"]
[Date "2022.04.14"]
[Round "3"]
[White "Hoyer, Jacob K"]
[Black "Kristensen, Peter"]
[Result "0-1"]
[WhiteElo "2212"]
[BlackElo "2095"]
[PlyCount "80"]
[EventDate "2022.04.12"]
[EventType "swiss"]
[EventRounds "7"]
[EventCountry "DEN"]

1. d4 Nf6 2. c4 e6 3. Nc3 Bb4 4. Nf3 d5 5. Bg5 h6 6. Bh4 g5 7. Bg3 dxc4 8. Qa4+
Nc6 9. a3 Bxc3+ 10. bxc3 Qd5 11. Bxc7 b5 12. Qc2 Ne4 13. Nd2 Nxd4 14. cxd4 Qxd4
15. Qxe4 Qxa1+ 16. Nb1 Bb7 17. Qc2 a5 18. e3 O-O 19. h4 g4 20. Be2 Rfc8 21. Bb6
b4 22. O-O Qf6 23. Bxg4 c3 24. Bd4 Qxh4 25. f3 Bd5 26. e4 b3 27. Qc1 Bc4 28.
Rf2 c2 29. Nd2 Rab8 30. Nxc4 Rxc4 31. Bb2 Rd8 32. Rf1 Rc6 33. Qf4 Qg5 34. Qxg5+
hxg5 35. f4 Rcd6 36. Rf3 Rd1+ 37. Kh2 R8d3 38. Rxd3 Rxd3 39. fxg5 Rd1 40. g6
Rb1 0-1

[Event "DM Kandidatklassen 2022"]
[Site "Svendborg"]
[Date "2022.04.14"]
[Round "3"]
[White "Meskenas, Paulius"]
[Black "Haubro, Sigfred"]
[Result "0-1"]
[WhiteElo "2110"]
[BlackElo "2192"]
[PlyCount "96"]
[EventDate "2022.04.12"]
[EventType "swiss"]
[EventRounds "7"]
[EventCountry "DEN"]

1. e4 d5 2. exd5 Qxd5 3. Nc3 Qd8 4. Bc4 Nf6 5. Nf3 Bf5 6. O-O e6 7. d4 c6 8.
Bg5 Be7 9. a3 O-O 10. Qd2 Nbd7 11. h3 Bg6 12. Rfe1 b5 13. Bf1 a5 14. Qc1 Qc7
15. Ne2 Rac8 16. Nf4 Rfe8 17. Nxg6 hxg6 18. c4 b4 19. Qd2 Rcd8 20. Qc2 c5 21.
axb4 axb4 22. g3 cxd4 23. Nxd4 Bc5 24. Ne2 Ne5 25. Bg2 Nd3 26. Rf1 Qe5 27. Bxf6
gxf6 28. Nc1 Qxg3 29. Nxd3 Qxd3 30. Qa4 Qxc4 31. Rac1 Qd4 32. Qb5 Bd6 33. Rfd1
Qf4 34. Rc4 Qe5 35. Qb6 Bc7 36. Rxd8 Bxb6 37. Rxe8+ Kg7 38. Rc1 Qxb2 39. Rf1 f5
40. Rc8 b3 41. Rcc1 Bxf2+ 42. Kh1 Be3 43. Rb1 Qc3 44. h4 b2 45. h5 Bc1 46. Rf2
Qe1+ 47. Rf1 Qh4+ 48. Kg1 Be3+ 0-1

[Event "DM Kandidatklassen 2022"]
[Site "Svendborg"]
[Date "2022.04.14"]
[Round "3"]
[White "Gjesme, Marius Enevold"]
[Black "Le Besq, Alexander"]
[Result "1-0"]
[WhiteElo "2005"]
[BlackElo "2164"]
[PlyCount "79"]
[EventDate "2022.04.12"]
[EventType "swiss"]
[EventRounds "7"]
[EventCountry "DEN"]

1. e4 c5 2. Nf3 d6 3. d4 cxd4 4. Nxd4 Nf6 5. Nc3 g6 6. Be3 Bg7 7. f3 O-O 8. Qd2
Nc6 9. O-O-O d5 10. exd5 Nxd5 11. Nxc6 bxc6 12. Bd4 e5 13. Bc5 Be6 14. Ne4 Qc7
15. Bxf8 Rxf8 16. Bc4 Qb6 17. Kb1 f5 18. Ng5 e4 19. Bb3 e3 20. Qc1 Nc3+ 21.
bxc3 Bd5 22. Qb2 Rb8 23. Bxd5+ cxd5 24. Qxb6 Rxb6+ 25. Kc1 Bxc3 26. Rxd5 Bb2+
27. Kd1 Bf6 28. Ke2 Bxg5 29. Rc1 h6 30. g3 f4 31. h4 Bf6 32. gxf4 Bxh4 33. Kxe3
Rf6 34. c4 g5 35. c5 Bg3 36. fxg5 Bf4+ 37. Ke4 hxg5 38. Rc2 Rc6 39. Rd7 a5 40.
Kd5 1-0

[Event "DM Kandidatklassen 2022"]
[Site "Svendborg"]
[Date "2022.04.14"]
[Round "3"]
[White "Nielsen, Viktor Haarmark"]
[Black "Medhus, Vitus Bondo"]
[Result "1-0"]
[WhiteElo "2319"]
[BlackElo "2016"]
[PlyCount "107"]
[EventDate "2022.04.12"]
[EventType "swiss"]
[EventRounds "7"]
[EventCountry "DEN"]

1. e4 c5 2. Nf3 Nc6 3. d4 cxd4 4. Nxd4 e5 5. Nb5 d6 6. c4 Be7 7. N5c3 Nf6 8.
Bd3 O-O 9. O-O Be6 10. Nd5 Nd7 11. Nbc3 Bg5 12. Bxg5 Qxg5 13. Nb5 Nc5 14. Nxd6
Bh3 15. Qf3 Bxg2 16. Qxg2 Qxg2+ 17. Kxg2 Nxd3 18. Rab1 Rad8 19. Nxb7 Rb8 20.
Rfd1 Nxf2 21. Kxf2 Rxb7 22. b4 f5 23. exf5 Rxf5+ 24. Kg2 Kf7 25. c5 Rg5+ 26.
Kh1 a6 27. a4 Nd4 28. Nc3 Rc7 29. b5 Rg6 30. Ne4 axb5 31. axb5 Ke7 32. b6 Rc8
33. Nd6 Rb8 34. Nc4 Rc6 35. Nxe5 Rxc5 36. Re1 Kd6 37. Nf7+ Kc6 38. b7 Nb5 39.
Re7 Kb6 40. Nd6 Kc6 41. Nxb5 Rxb5 42. Rxb5 Kxb5 43. Rxg7 h6 44. Kg2 Kc6 45. Kg3
Kd6 46. Kg4 Ke6 47. Kh5 Kf6 48. Rc7 Kf5 49. Rc5+ Kf6 50. Rb5 Ke7 51. h4 Kf6 52.
Rb6+ Kg7 53. Rb1 Kf6 54. Rb5 1-0

[Event "DM Kandidatklassen 2022"]
[Site "Svendborg"]
[Date "2022.04.14"]
[Round "3"]
[White "Falkesgaard, Jeppe Hald"]
[Black "Jacobsen, Mikkel Manosri"]
[Result "0-1"]
[WhiteElo "2000"]
[BlackElo "2255"]
[PlyCount "62"]
[EventDate "2022.04.12"]
[EventType "swiss"]
[EventRounds "7"]
[EventCountry "DEN"]

1. d4 d5 2. c4 e6 3. Nc3 Bb4 4. e3 Nf6 5. Bd3 e5 6. dxe5 dxc4 7. exf6 cxd3 8.
fxg7 Rg8 9. Qh5 Bxc3+ 10. bxc3 Qf6 11. Bd2 Rxg7 12. Qb5+ Nc6 13. Qxd3 Be6 14.
Ne2 Ne5 15. Qe4 O-O-O 16. Nd4 Bd5 17. Qf5+ Qxf5 18. Nxf5 Bxg2 19. O-O-O Nd3+
20. Kc2 Bxh1 21. Nxg7 Nxf2 22. Rf1 Be4+ 23. Kc1 Nd3+ 24. Kd1 Nb2+ 25. Kc1 Nc4
26. Rf2 Rg8 27. Rxf7 Bg6 28. Rf4 Nxd2 29. Kxd2 Rxg7 30. e4 Re7 31. Ke3 Kd7 0-1

[Event "DM Kandidatklassen 2022"]
[Site "Svendborg"]
[Date "2022.04.14"]
[Round "3"]
[White "Jepsen, Thomas Tange"]
[Black "Iskos, Lukas"]
[Result "1/2-1/2"]
[WhiteElo "2072"]
[BlackElo "2052"]
[PlyCount "70"]
[EventDate "2022.04.12"]
[EventType "swiss"]
[EventRounds "7"]
[EventCountry "DEN"]

1. d4 d5 2. c4 e6 3. Nc3 Nf6 4. Nf3 Be7 5. Bf4 O-O 6. e3 Nbd7 7. c5 Nh5 8. Bd3
Nxf4 9. exf4 b6 10. b4 c6 11. O-O a5 12. a3 Qc7 13. Qc2 h6 14. Ne5 Nxe5 15.
fxe5 Ba6 16. Na4 Bxd3 17. Qxd3 bxc5 18. bxc5 Rfb8 19. Rab1 Rxb1 20. Rxb1 Rb8
21. g3 Bd8 22. Rb3 Qa7 23. Kg2 Bc7 24. Rxb8+ Qxb8 25. Qa6 Qb5 26. Qc8+ Kh7 27.
Qxc7 Qxa4 28. Qxf7 Qxd4 29. Qxe6 Qxc5 30. Qd6 Qc4 31. e6 Qe4+ 32. Kg1 Qe1+ 33.
Kg2 Qe4+ 34. Kg1 Qe1+ 35. Kg2 Qe4+ 1/2-1/2

[Event "DM Kandidatklassen 2022"]
[Site "Svendborg"]
[Date "2022.04.14"]
[Round "3"]
[White "Koch Mueller, Oscar"]
[Black "Nielsen, Philip"]
[Result "0-1"]
[WhiteElo "2015"]
[BlackElo "1968"]
[PlyCount "106"]
[EventDate "2022.04.12"]
[EventType "swiss"]
[EventRounds "7"]
[EventCountry "DEN"]

1. d4 d5 2. c4 e6 3. Nc3 Nf6 4. cxd5 exd5 5. Bg5 Be7 6. e3 c6 7. Bd3 h6 8. Bh4
Be6 9. Qc2 O-O 10. Nf3 Nbd7 11. O-O Re8 12. Rab1 a5 13. Na4 Qc7 14. a3 Rec8 15.
Rfc1 Qb8 16. Ne5 Bd8 17. f4 Nxe5 18. dxe5 Ne8 19. Bg3 Qa7 20. Bf2 b6 21. f5 Bd7
22. g4 Bc7 23. Bg3 Qb8 24. Qf2 c5 25. Nc3 Bc6 26. f6 Bxe5 27. Qf5 gxf6 28. Qh7+
Kf8 29. Qxh6+ Ke7 30. Bf4 d4 31. Nb5 dxe3 32. Bxe3 Nd6 33. Nc3 Rh8 34. Bh7 Qf8
35. Qxf8+ Raxf8 36. Bf5 Rfg8 37. Kf1 Nxf5 38. gxf5 Rxh2 39. Bg1 Rhg2 40. Bf2
Rh8 41. Nd1 Rh1+ 42. Ke2 Rhh2 43. Rc2 Be4 44. Rbc1 Bxc2 45. Rxc2 Bd4 46. Kf3
Bxf2 47. Nc3 Rg3+ 48. Ke4 Rh4+ 49. Kd5 Kd7 50. Ne4 Rxe4 51. Kxe4 Bd4 52. Rh2
Re3+ 53. Kd5 b5 0-1

[Event "DM Kandidatklassen 2022"]
[Site "Svendborg"]
[Date "2022.04.14"]
[Round "3"]
[White "Ramsdal, Jens Albert"]
[Black "Steffensen, Elena"]
[Result "1-0"]
[WhiteElo "2278"]
[BlackElo "2059"]
[PlyCount "75"]
[EventDate "2022.04.12"]
[EventType "swiss"]
[EventRounds "7"]
[EventCountry "DEN"]

1. e4 g6 2. d4 Bg7 3. Nc3 d5 4. e5 f6 5. f4 Nh6 6. Nf3 Bg4 7. h3 Bxf3 8. Qxf3
e6 9. Be3 O-O 10. exf6 Qxf6 11. g4 Qe7 12. O-O-O Nd7 13. Qe2 Nb6 14. Kb1 Rae8
15. Bg2 c6 16. h4 Nc4 17. Bc1 Qb4 18. Ka1 Qb6 19. h5 a5 20. hxg6 hxg6 21. Qd3
Kf7 22. Be4 dxe4 23. Qxc4 Qb4 24. Qxb4 axb4 25. Nxe4 Rd8 26. Ng5+ Ke7 27. Rhe1
Rf6 28. Ne4 Rf7 29. Nc5 Bxd4 30. Rxe6+ Kf8 31. Kb1 Rd5 32. Rxg6 Bxc5 33. Rxd5
cxd5 34. Rxh6 Re7 35. Rh1 Re2 36. Rf1 Rg2 37. g5 Be7 38. b3 1-0

[Event "DM Kandidatklassen 2022"]
[Site "Svendborg"]
[Date "2022.04.14"]
[Round "3"]
[White "Parra Becerra, Edgar Andre"]
[Black "Andries, Alf"]
[Result "0-1"]
[WhiteElo "2223"]
[BlackElo "2019"]
[PlyCount "44"]
[EventDate "2022.04.12"]
[EventType "swiss"]
[EventRounds "7"]
[EventCountry "DEN"]

1. e4 c5 2. Nf3 Nc6 3. d4 cxd4 4. Nxd4 Nf6 5. Nc3 d6 6. Bc4 e6 7. Be3 a6 8. Bb3
Qc7 9. f4 Na5 10. Qf3 b5 11. g4 Nxb3 12. cxb3 b4 13. Nce2 Nxe4 14. Qxe4 Bb7 15.
Nxe6 fxe6 16. Qxe6+ Be7 17. Rc1 Qd7 18. Qxd7+ Kxd7 19. Rg1 Rhe8 20. Bd4 Bf3 21.
Be3 Bh4+ 22. Kd2 Bf2 0-1

[Event "DM Kandidatklassen 2022"]
[Site "Svendborg"]
[Date "2022.04.14"]
[Round "3"]
[White "Wahlgreen, Noah Krug"]
[Black "Rendboe, John Filip"]
[Result "0-1"]
[WhiteElo "2011"]
[BlackElo "2199"]
[PlyCount "64"]
[EventDate "2022.04.12"]
[EventType "swiss"]
[EventRounds "7"]
[EventCountry "DEN"]

1. d4 d5 2. Nf3 Nf6 3. Bf4 c5 4. e3 Nc6 5. c3 Qb6 6. Qb3 c4 7. Qxb6 axb6 8. Be2
e6 9. O-O b5 10. Nbd2 b4 11. cxb4 Bxb4 12. a3 Be7 13. Ne5 Nxe5 14. Bxe5 O-O 15.
Nb1 Bd7 16. Nc3 b5 17. Bf3 Bc6 18. Bxf6 Bxf6 19. b4 cxb3 20. Rfb1 Be7 21. Rxb3
b4 22. Nb1 Ba4 23. Rb2 Rfc8 24. Nd2 bxa3 25. Rb7 Kf8 26. g3 Rcb8 27. Rxb8+ Rxb8
28. Nb1 a2 29. Nc3 Bb3 30. Bd1 Bc4 31. Kg2 Rb2 32. Kf3 Bb4 0-1

[Event "DM Kandidatklassen 2022"]
[Site "Svendborg"]
[Date "2022.04.14"]
[Round "3"]
[White "Nilssen, Ellen Fredericia"]
[Black "Jarlskov, Daniel Tuk Hartso"]
[Result "1-0"]
[WhiteElo "2113"]
[BlackElo "1995"]
[PlyCount "41"]
[EventDate "2022.04.12"]
[EventType "swiss"]
[EventRounds "7"]
[EventCountry "DEN"]

1. d4 d5 2. Nf3 Nf6 3. c4 e6 4. Nc3 b6 5. cxd5 exd5 6. Bg5 Be7 7. e3 O-O 8. Bd3
Bb7 9. O-O Re8 10. Ne5 Nbd7 11. f4 Ne4 12. Nxe4 dxe4 13. Nxf7 Kxf7 14. Bc4+ Kg6
15. Bxe7 Qxe7 16. Qg4+ Kh6 17. Qh3+ Kg6 18. f5+ Kg5 19. f6 Nxf6 20. Rf5+ Kg6
21. Qg3+ 1-0

[Event "DM Kandidatklassen 2022"]
[Site "Svendborg"]
[Date "2022.04.14"]
[Round "3"]
[White "Christensen, Janus"]
[Black "Easwaralingam, Adesh"]
[Result "1-0"]
[WhiteElo "2144"]
[BlackElo "2081"]
[PlyCount "55"]
[EventDate "2022.04.12"]
[EventType "swiss"]
[EventRounds "7"]
[EventCountry "DEN"]

1. d4 Nf6 2. c4 e6 3. Nf3 d5 4. Nc3 Bb4 5. Bg5 h6 6. Bh4 Nbd7 7. e3 O-O 8. cxd5
exd5 9. Bd3 c5 10. O-O Qa5 11. Ne2 c4 12. Bc2 Re8 13. a3 Bf8 14. Nc3 Bd6 15.
Nd2 b5 16. e4 Nxe4 17. Ndxe4 dxe4 18. Bxe4 Rb8 19. Re1 Kf8 20. Qf3 Qb6 21. Bd5
Rxe1+ 22. Rxe1 Nf6 23. Bxf6 gxf6 24. Qh5 Be6 25. Qxh6+ Kg8 26. Bxe6 fxe6 27.
Qg6+ Kh8 28. Re4 1-0

[Event "DM Kandidatklassen 2022"]
[Site "Svendborg"]
[Date "2022.04.15"]
[Round "4"]
[White "Liu, Casper Yukun"]
[Black "Kistrup, Nicolai"]
[Result "1-0"]
[WhiteElo "2181"]
[BlackElo "2302"]
[PlyCount "137"]
[EventDate "2022.04.12"]
[EventType "swiss"]
[EventRounds "7"]
[EventCountry "DEN"]

1. e4 e5 2. Nf3 Nc6 3. Bc4 Nf6 4. Ng5 d5 5. exd5 Na5 6. Bb5+ c6 7. dxc6 bxc6 8.
Bd3 Nd5 9. Nf3 Bd6 10. O-O Nf4 11. Nc3 Nxd3 12. cxd3 O-O 13. Ne4 c5 14. b3 Ba6
15. Re1 f6 16. Ba3 Rc8 17. Rc1 Bxd3 18. Nxc5 Bxc5 19. Rxc5 Rf7 20. Qa1 Rxc5 21.
Bxc5 Qd5 22. Rc1 Rc7 23. Be3 Qd7 24. Ne1 Bf5 25. d3 Be6 26. b4 Rxc1 27. Qxc1
Nc6 28. Qc5 Bxa2 29. b5 Nd4 30. Bxd4 Qxd4 31. Qxd4 exd4 32. Nc2 Bf7 33. Nxd4
Bg6 34. Nc6 Bxd3 35. Nxa7 Kf7 36. b6 Be4 37. f3 Bb7 38. Kf2 Ke6 39. Ke3 Kd5 40.
Nb5 Kc5 41. Nc7 Kxb6 42. Ne8 Kc6 43. Nxg7 Kd6 44. Kf4 Bc8 45. g4 Ke7 46. Nf5+
Kf8 47. h4 Bd7 48. Ke4 Bc6+ 49. Ke3 Bd7 50. Nh6 Kg7 51. g5 Kg6 52. f4 fxg5 53.
hxg5 Bh3 54. Ke4 Bg2+ 55. Ke5 Bh3 56. Ng8 Kf7 57. Nf6 Kg6 58. Nd5 Kg7 59. f5
Kf7 60. Ne3 Kg7 61. Ke6 h6 62. Ke7 Bxf5 63. Nxf5+ Kg6 64. gxh6 Kh7 65. Kf7 Kh8
66. Kg6 Kg8 67. Ne3 Kh8 68. Nc4 Kg8 69. Ne5 1-0

[Event "DM Kandidatklassen 2022"]
[Site "Svendborg"]
[Date "2022.04.15"]
[Round "4"]
[White "Kristensen, Peter"]
[Black "Thogersen, Rasmus"]
[Result "1-0"]
[WhiteElo "2095"]
[BlackElo "2333"]
[PlyCount "145"]
[EventDate "2022.04.12"]
[EventType "swiss"]
[EventRounds "7"]
[EventCountry "DEN"]

1. e4 c5 2. Nf3 d6 3. Bb5+ Nd7 4. O-O a6 5. Bd3 Ngf6 6. Re1 e6 7. c3 b5 8. a4
c4 9. Bf1 Bb7 10. axb5 axb5 11. Rxa8 Qxa8 12. Na3 Bxe4 13. Nxb5 Bxf3 14. Qxf3
Qxf3 15. gxf3 Ne5 16. Nd4 g5 17. d3 cxd3 18. Bxg5 Rg8 19. f4 h6 20. Kh1 Neg4
21. Bh4 Be7 22. Bxd3 Ne4 23. Bb5+ Kf8 24. Bg3 Ngxf2+ 25. Kg2 Bh4 26. Ne2 Nxg3
27. Nxg3 Ng4 28. Ra1 Rg6 29. Bd3 f5 30. Ra8+ Kf7 31. Ra7+ Be7 32. h3 Nf6 33.
Kf3 h5 34. Bc4 d5 35. Bd3 h4 36. Ne2 Nh5 37. b4 Kf6 38. Ra6 Ng3 39. Nd4 Kf7 40.
Ra7 Nh5 41. Ne2 Rg8 42. Rc7 Kf6 43. Rc6 Rd8 44. b5 Bd6 45. b6 Ke7 46. Ba6 Nf6
47. Rc7+ Rd7 48. Rc8 Rd8 49. Nd4 Rxc8 50. Bxc8 Nd7 51. Nc6+ Ke8 52. b7 Nb8 53.
Nd4 e5 54. Nxf5 Bc7 55. fxe5 Bxe5 56. Nd4 Ke7 57. Kg4 Kd6 58. Kxh4 Kc5 59. Kg5
Kc4 60. Be6 Na6 61. Nc6 Bd6 62. Nb4 Nc5 63. Bxd5+ Kxc3 64. Na2+ Kd4 65. Bc6
Ne6+ 66. Kf6 Nf4 67. h4 Kc5 68. Bf3 Kd4 69. Nb4 Ke3 70. Nd5+ Kxf3 71. Nxf4 Kxf4
72. h5 Ke4 73. Ke6 1-0